Monarquía del diablo en la gentilidad del Nuevo Mundo americano / (Registro nro. 1863)

000 -CABECERA
campo de control de longitud fija 01537nam a2200349 a 4500
001 - NÚMERO DE CONTROL
campo de control 000030853
005 - FECHA Y HORA DE LA ÚLTIMA TRANSACCIÓN
campo de control 20200120222212.0
008 - DATOS DE LONGITUD FIJA--INFORMACIÓN GENERAL
campo de control de longitud fija 071004s1994 colh gr0 000 d
082 04 - NÚMERO DE LA CLASIFICACIÓN DECIMAL DEWEY
Número de clasificación 266.02398
Número de documento/Ítem J85
100 0# - ENTRADA PRINCIPAL--NOMBRE DE PERSONA
Nombre de persona Julián, Antonio
245 10 - MENCIÓN DE TÍTULO
Título Monarquía del diablo en la gentilidad del Nuevo Mundo americano /
Mención de responsabilidad, etc. Antonio Julián ; trascripción e introducción por : Mario Germán Romero.
250 ## - MENCIÓN DE EDICIÓN
Mención de edición 1a. ed.
260 ## - PUBLICACIÓN, DISTRIBUCIÓN, ETC.
Lugar de publicación, distribución, etc. Santafé de Bogotá :
Nombre del editor, distribuidor, etc. Instituto Caro y Cuervo,
Fecha de publicación, distribución, etc. 1994.
300 ## - DESCRIPCIÓN FÍSICA
Extensión 225 p. : il.
500 ## - NOTA GENERAL
Nota general Ej. 1 Calle 63, Ej.1 Roma, Donado en 2005
500 ## - NOTA GENERAL
Nota general Incluye índice
517 ## - CATEGORÍAS DE NOTA DE PELÍCULA (ARCHIVO) (VM) [OBSOLETO]
Formatos diferentes Trasformazione dell`America, o sia, Trionfo della S. Chiesa su la rovina della monarchia del demonio in
517 ## - CATEGORÍAS DE NOTA DE PELÍCULA (ARCHIVO) (VM) [OBSOLETO]
Formatos diferentes America dopo la conquista fattane da`monarchi delle Spagne : con riflessioni apologetiche, e coll`aggiunta di
517 ## - CATEGORÍAS DE NOTA DE PELÍCULA (ARCHIVO) (VM) [OBSOLETO]
Formatos diferentes una dissertazione critico-espositiva, nella quale spiegandosi le parole di S. Pietro, Epi. I. c.3. Qui
517 ## - CATEGORÍAS DE NOTA DE PELÍCULA (ARCHIVO) (VM) [OBSOLETO]
Formatos diferentes increduli fuerant in diebus Noe, cum fabricaretur Arca vv. 18.19.20, dimostrasi con valide ragioni, essere
517 ## - CATEGORÍAS DE NOTA DE PELÍCULA (ARCHIVO) (VM) [OBSOLETO]
Formatos diferentes tutto cio accaduto nell`America. In Roma : Dal Casaletti nel Palazzo Massini, MDCCXC.
650 14 - PUNTO DE ACCESO ADICIONAL DE MATERIA--TÉRMINO DE MATERIA
Término de materia o nombre geográfico como elemento de entrada Misiones
650 14 - PUNTO DE ACCESO ADICIONAL DE MATERIA--TÉRMINO DE MATERIA
Término de materia o nombre geográfico como elemento de entrada Misioneros
650 14 - PUNTO DE ACCESO ADICIONAL DE MATERIA--TÉRMINO DE MATERIA
Término de materia o nombre geográfico como elemento de entrada Misiones indigenas
650 14 - PUNTO DE ACCESO ADICIONAL DE MATERIA--TÉRMINO DE MATERIA
Término de materia o nombre geográfico como elemento de entrada Iglesia catolica
650 14 - PUNTO DE ACCESO ADICIONAL DE MATERIA--TÉRMINO DE MATERIA
Término de materia o nombre geográfico como elemento de entrada Demonologia
650 14 - PUNTO DE ACCESO ADICIONAL DE MATERIA--TÉRMINO DE MATERIA
Término de materia o nombre geográfico como elemento de entrada Descubrimient, exploraciones, españoles
650 14 - PUNTO DE ACCESO ADICIONAL DE MATERIA--TÉRMINO DE MATERIA
Término de materia o nombre geográfico como elemento de entrada Libros raros
651 ## - PUNTO DE ACCESO ADICIONAL DE MATERIA--NOMBRE GEOGRÁFICO
Nombre geográfico America
700 1# - PUNTO DE ACCESO ADICIONAL--NOMBRE DE PERSONA
Nombre de persona Romero, Mario Germán, tr.
901 ## - ELEMENTOS DE DATOS A LOCAL LDA (RLIN)
a Donación, Instituto Caro y Cuervo
Existencias
Estado de retiro Estado de pérdida Fuente del sistema de clasificación o colocación Estado dañado No para préstamo Código de colección Localización permanente Ubicación/localización actual Fecha de adquisición Número de inventario Total de préstamos Signatura topográfica completa Código de barras Fecha visto por última vez Número de copia Precio válido a partir de Tipo de ítem Koha Nota pública
          Colección General Biblioteca Pública San Juan Bosco Biblioteca Pública San Juan Bosco 20/01/2020 118215   266.02398J85 MOS003305 20/01/2020 ej.1 20/01/2020 Libro Ocho días
          Colección General Biblioteca Pública San Juan Bosco Biblioteca Pública San Juan Bosco 20/01/2020 105113   266.02398J85 MOS015281 20/01/2020 ej.2 20/01/2020 Libro Ocho días

© Todos los derechos reservados para la Biblioteca Pública Municipal San Juan Bosco, 2020
Secretaria de Cultura de Mosquera
Carrera 3 N° 10 Esquina Centro Cultural Barrio El Carmén Teléfono: 8270830 Ext: 34
Funcionando con KOHA
Contacto: Biblioteca Pública Municipal San Juan Bosco/ bibliotecasanjuanbosco@mosquera-cundinamarca.gov.co
Mosquera, Cundinamarca